000 01402nam a2200421 i 4500
001 966
003 KOSZ 005
005 20260204063412.0
008 990506s1983 pl a f f |000 0 pol
015 _aPB 1983/7840
035 _a(OCoLC)823725213
040 _aWA N
_cWA N
_dKOSZ 005/HR
041 0 _apol
046 _k1980
080 _a621.9.06-52
080 _a(075.8)
100 1 _aGawlak, Grzegorz
_eAutor
245 1 0 _aProgramowanie technologii na obrabiarki sterowane numerycznie /
_cGrzegorz Gawlak, Paweł Kaczmarek ; Politechnika Poznańska.
250 _aWyd. 2.
260 _aPoznań :
_bPP,
_c1983.
300 _a139, [30] s. :
_brys., wykr. ;
_c24 cm.
336 _2rdacontent
_aTekst
_btxt
337 _2rdamedia
_aBez urządzenia pośredniczącego
_bn
338 _2rdacarrier
_aWolumin
_bnc
380 _aKsiążki
380 _aPublikacje dydaktyczne
385 _mPoziom nauczania
_aSzkoły wyższe
388 _a1901-2000
388 _a1945-1989
504 _aBibliogr. s. [140].
658 _aInżynieria i technika
655 4 _aPodręczniki akademickie
650 4 _aObrabiarka sterowana numerycznie
700 1 _aKaczmarek, Paweł.
_eAutor
710 2 _aPolitechnika Poznańska.
_bWydawnictwo
_4pbl.
856 _uhttp://koha.tu.koszalin.pl/cgi-bin/koha/opac-detail.pl?biblionumber=966
_yKatalog online BPK
942 _2UKD
_cKS
999 _c966
_d966